Science Quiz

Random Science or Oceania Quiz
Score 0/20 Timer 04:00
4 Plays Today
% Correct
Tiger
99%
Saltwater crocodile
98.6%
Camel
97.8%
Boa constrictor
96.9%
Elephants
94.5%
Penguins
93.6%
Cheetah
87.4%
Tarantula
86.7%
Humans
86.3%
Gorilla
84.8%
% Correct
Giant Tortoise
83.7%
Komodo dragon
83.2%
Macaw
82.9%
Orangutans
82.7%
Green iguana
81.3%
Sea lion
80.9%
Dingo
73.1%
Wallaby
70%
Cockatoo
61.6%
Echidna
44.8%
Remove Ads.
Support Sporcle.
Get the best of Sporcle when you Go Orange. This ad-free experience offers more features, more stats, and more fun while also helping to support Sporcle. Thank you for becoming a member.

You're not logged in!

Compare scores with friends on all Sporcle quizzes.
OR
Log In

Show Comments

Extras

Top Quizzes Today


Score Distribution

Your Account Isn't Verified!

In order to create a playlist on Sporcle, you need to verify the email address you used during registration. Go to your Sporcle Settings to finish the process.

Report this User

Report this user for behavior that violates our Community Guidelines.

Details: